Outlook for 1954 (Record no. 8022)
[ view plain ]
| 000 -CABECERA | |
|---|---|
| campo de control de longitud fija | 01012nam a2200265 a 4500 |
| 001 - NÚMERO DE CONTROL | |
| campo de control | BRCA_8354 |
| 005 - FECHA Y HORA DE LA ÚLTIMA TRANSACCIÓN | |
| campo de control | 20190320210239.0 |
| 008 - DATOS DE LONGITUD FIJA--INFORMACIÓN GENERAL | |
| campo de control de longitud fija | 170714s1954----u--ad##f##---#001-0#eng-# |
| 041 ## - CÓDIGO DE LENGUA | |
| Código de lengua del texto/banda sonora o título independiente | eng |
| 044 ## - CÓDIGO DEL PAÍS DE LA ENTIDAD EDITORA/PRODUCTORA | |
| Código MARC del país | u |
| 050 #4 - SIGNATURA TOPOGRÁFICA DE LA BIBLIOTECA DEL CONGRESO | |
| Número de clasificación | HJ9 |
| Número de documento/Ítem | .O9 1954 |
| 245 10 - MENCIÓN DE TÍTULO | |
| Título | Outlook for 1954 |
| Resto del título | business: an upturn, when?, war: will it flare up again?, tax cuts: who will get them?, prices: are they headed down?, strikes: big ones in sight? |
| Mención de responsabilidad, etc. | U.S. News & World Report. |
| 260 ## - PUBLICACIÓN, DISTRIBUCIÓN, ETC. | |
| Lugar de publicación, distribución, etc. | Ohio, Estados Unidos |
| Nombre del editor, distribuidor, etc. | U.S. News & W. R. |
| Fecha de publicación, distribución, etc. | 1954 |
| 300 ## - DESCRIPCIÓN FÍSICA | |
| Extensión | 128 p. |
| Otras características físicas | il. (algunas a color), gráficas |
| Dimensiones | 29 cm. |
| 500 ## - NOTA GENERAL | |
| Nota general | U.S. News & World Report Colection, January 1, 1954 |
| 500 ## - NOTA GENERAL | |
| Nota general | Publicación periódica inventariada como libro por el Banco de México |
| 500 ## - NOTA GENERAL | |
| Nota general | R91 |
| 650 14 - PUNTO DE ACCESO ADICIONAL DE MATERIA--TÉRMINO DE MATERIA | |
| Término de materia o nombre geográfico como elemento de entrada | Negocios |
| Subdivisión cronológica | 1954 |
| 9 (RLIN) | 20912 |
| 650 14 - PUNTO DE ACCESO ADICIONAL DE MATERIA--TÉRMINO DE MATERIA | |
| Término de materia o nombre geográfico como elemento de entrada | Condiciones económicas |
| Subdivisión cronológica | 1954 |
| 9 (RLIN) | 20913 |
| 650 14 - PUNTO DE ACCESO ADICIONAL DE MATERIA--TÉRMINO DE MATERIA | |
| Término de materia o nombre geográfico como elemento de entrada | Economía |
| Subdivisión cronológica | 1954 |
| 9 (RLIN) | 20914 |
| 650 14 - PUNTO DE ACCESO ADICIONAL DE MATERIA--TÉRMINO DE MATERIA | |
| Término de materia o nombre geográfico como elemento de entrada | Finanzas |
| Subdivisión cronológica | 1954 |
| 9 (RLIN) | 20915 |
| 710 2# - PUNTO DE ACCESO ADICIONAL--NOMBRE DE ENTIDAD CORPORATIVA | |
| Nombre de entidad corporativa o nombre de jurisdicción como elemento de entrada | U.S. News & World Report |
| Fecha de publicación/de la obra | January 1, 1954 |
| 9 (RLIN) | 20916 |
| 902 ## - CATALOGADOR | |
| Iniciales | GFM |
| 942 ## - ELEMENTOS DE PUNTO DE ACCESO ADICIONAL (KOHA) | |
| Fuente del sistema de clasificación o colocación | Library of Congress Classification |
| Tipo de ítem Koha | Libros |
| Estado de retiro | Estado de pérdida | Estado dañado | No para préstamo | Localización permanente | Ubicación/localización actual | Fecha de adquisición | Número de inventario | Total de préstamos | Signatura topográfica completa | Código de barras | Fecha visto por última vez | Precio válido a partir de | Tipo de ítem Koha |
|---|---|---|---|---|---|---|---|---|---|---|---|---|---|
| El ejemplar forma parte de la colección y puede ser consultado según las políticas vigentes. | Biblioteca del Museo Franz Mayer (Rogerio Casas-Alatriste) | Biblioteca del Museo Franz Mayer (Rogerio Casas-Alatriste) | 17/07/2014 | R91 | HJ9 .O9 1954 (R91) | 8978 | 22/03/2019 | 22/03/2019 | Libros |